header

Chimes of time (Record no. 20942)

MARC details
000 -LEADER
fixed length control field 01166nam a2200289 a 4500
245 00 - TITLE STATEMENT
Title Chimes of time
260 ## - PUBLICATION, DISTRIBUTION, ETC. (IMPRINT)
Place of publication Leiden :
Name of publisher Sidestone Press,
Year of publication c2013.
300 ## - PHYSICAL DESCRIPTION
Number of Pages 291 p.
650 #0 - SUBJECT ADDED ENTRY--TOPICAL TERM
Topical Term Medical personnel
Topical Term Medical care
700 1# - ADDED ENTRY--PERSONAL NAME
Personal name Kirkcaldy, Bruce D.
856 40 - ELECTRONIC LOCATION AND ACCESS
Uniform Resource Identifier http://site.ebrary.com/lib/rucke/Doc?id=10702615

No items available.

© 2026 Rongo University
Contact us: librarian | system librarian | Rongo university